Christians and Jews in the Ottoman Arab world : the roots of sectarianism
Αποθηκεύτηκε σε:
| Κύριος συγγραφέας: | |
|---|---|
| Μορφή: | Βιβλίο |
| Γλώσσα: | English |
| Δημοσίευση: |
New York :
Cambridge University Press,
2001
|
| Σειρά: | Cambridge studies in Islamic civilization
|
| Θέματα: | |
| Ετικέτες: |
Προσθήκη ετικέτας
Δεν υπάρχουν, Καταχωρήστε ετικέτα πρώτοι!
|
MARC
| LEADER | 00000nam a2200000 i 4500 | ||
|---|---|---|---|
| 001 | 1/30634 | ||
| 008 | 060601s2001 eng d | ||
| 020 | |a 0-521-80333-0 (hbk.) | ||
| 035 | |l 10084198 | ||
| 040 | |a GR-MY-UA |b gre |e aacr | ||
| 041 | 0 | |a eng | |
| 082 | 0 | |a 305.609569 |2 (22) | |
| 100 | 1 | |a Masters, Bruce Alan |d 1950- | |
| 245 | 1 | 0 | |a Christians and Jews in the Ottoman Arab world : |b the roots of sectarianism / |c Bruce Masters |
| 260 | |a New York : |b Cambridge University Press, |c 2001 | ||
| 300 | |a xiii, 222 σ.; |c 23 εκ. | ||
| 490 | 1 | |a Cambridge studies in Islamic civilization | |
| 504 | |a Περιέχει βιβλιογραφία (σ. 202-217) και ευρετήριο | ||
| 650 | 0 | 0 | |a Christians |z Arab countries |x History. |
| 650 | 0 | 0 | |a Jews |z Arab countries |x History. |
| 650 | 0 | 0 | |a Islam |x Relations |x History. |
| 650 | 0 | 0 | |a Christianity and other religions |z Islam. |
| 650 | 0 | 0 | |a Islam |x Relations |x Judaism. |
| 650 | 0 | 0 | |a Judaism |x Relations |x Islam. |
| 651 | 0 | |a Turkey |x History |y Ottoman Empire, 1288-1918. | |
| 830 | 0 | |a Cambridge studies in Islamic civilization | |
| 852 | |a INST |b LESVOS |e 20060601 |h 305.609569 MAS |p 005100035808 |q 005100035808 |t BK |y 0 | ||
| 901 | |a BIBL1-2006-2 | ||
| 909 | |a Λ |b 128572 | ||
| 920 | |a ΕΠΕΑΕΚ ΚΟΙΝΩΝΙΚΗΣ ΑΝΘΡΩΠΟΛΟΓΙΑΣ ΚΑΙ ΙΣΤΟΡΙΑΣ |y ΛΕΣΒΟΣ |z 2006-05 | ||
| 970 | |a ΚΑΡΑ |b ΓΙΑΣΕΜΗ |z 2006/06/01 | ||